Paroles - Prière païenne - Celine Dion - Statistiques

Statistiques générales
  • Ce quiz a été pris 154 fois
  • Le résultat moyen est 211 sur 286
Statistiques - réponses
Réponse % Correct
ce
98%
le
98%
ma
98%
prie
98%
ces
97%
c'est
96%
Les
96%
les
96%
prière
96%
je
95%
Je
95%
se
93%
ça
90%
moi
90%
mains
89%
mais
89%
pas
89%
pour
89%
que
89%
de
88%
elle
88%
tout
88%
yeux
88%
ciel
87%
la
87%
87%
est
86%
et
86%
j'aime
86%
serrées,
86%
un
85%
qu'à
84%
fermer
83%
crois
82%
facile
82%
païenne
82%
plutôt
82%
terre
80%
à
79%
genoux
77%
impossible
77%
toute
77%
voix
77%
peu
76%
foi
75%
il
75%
j'y
75%
pliés
75%
pourquoi
75%
trop
75%
toi
74%
mets
73%
ne
73%
m'entend
70%
roi
69%
mer
68%
j'espère
67%
jour
67%
mon
66%
profession
65%
quand
65%
quoi
65%
s'en
65%
taire
62%
tu
61%
vie
61%
toujours
58%
ses
57%
homme
56%
t'es
55%
entend
54%
là-haut
54%
loue
54%
merveilles
54%
réveille
54%
rois
54%
soleil
54%
va
54%
haut
53%
j'me
53%
n'importe
52%
toutes
52%
crédo
47%
est-ce
47%
hommes
47%
terrienne
46%
virtuoses
45%
l'hiver
43%
moins
43%
plus
43%
étoiles
42%
n'entends
42%
qui
41%
supplique
41%
d'être
40%
éclats
39%
entends
39%
jamais
39%
nos
39%
oublie
39%
sincère
39%
nous
38%
j'suis
37%
sans
37%
roses
36%
l'amour
34%
j'prie
33%
l'été
32%
sur
32%
cieux
30%
qu'on
30%
rien
30%
donné
29%
guerre
27%
voient
27%
imagine
26%
père"
26%
tous
26%
cerveaux
25%
"Notre
25%
font
24%
n'ont
24%
poète
24%
compter
23%
écoute-moi
23%
lumière
23%
bois
22%
bouge
22%
savant
21%
défaits
19%
l'inespérée
16%
rêves
15%
paix
13%
bras
8%
Aucun quiz correspondant
Distribution des résultats
% des personnes avec chaque résultat
Percentile par nombre de réponses
Votre historique - résultats
Vous n’avez pas pris ce quiz